Textbook of Microbiology : (Record no. 1401)
[ view plain ]
| 000 -LEADER | |
|---|---|
| Fixed length control field | 00607nam a2200217Ia 4500 |
| 003 - CONTROL NUMBER IDENTIFIER | |
| Control field | IIN |
| 005 - DATE AND TIME OF LATEST TRANSACTION | |
| Control field | 20240205114159.0 |
| 008 - FIXED-LENGTH DATA ELEMENTS--GENERAL INFORMATION | |
| Fixed length control field | 231217s9999 xx 000 0 und d |
| 020 ## - INTERNATIONAL STANDARD BOOK NUMBER / ISBN | |
| Price | Rs.450.00 |
| International Standard Book Number | 9789354659539 |
| 040 ## - CATALOGING SOURCE | |
| Original cataloging agency | IIN |
| Language of cataloging | English |
| 082 ## - DEWEY DECIMAL CLASSIFICATION NUMBER | |
| Classification number | 579 |
| Book Number | PAN |
| 100 1# - MAIN ENTRY--PERSONAL NAME | |
| Personal name | Panda, Darshan |
| 245 1# - TITLE STATEMENT | |
| Title | Textbook of Microbiology : |
| Sub title | for GNM Students / |
| Statement of responsibility | Darshan Panda, Sandeep Dhuper & Ashutosh Debata |
| 250 ## - EDITION STATEMENT | |
| Edition statement | 2nd ed |
| 260 ## - IMPRINT | |
| Name of publisher | Jaypee |
| Place of publication | New Delhi |
| Date of publication | 2023 |
| 300 ## - PHYSICAL DESCRIPTION | |
| Page / Vol. No | xv, 427p. |
| 650 1# - SUBJECT ADDED ENTRY--TOPICAL TERM | |
| Topical term | Microbiology |
| 700 1# - ADDED ENTRY--PERSONAL NAME | |
| Personal name | Dhuper , Sandeep |
| 700 1# - ADDED ENTRY--PERSONAL NAME | |
| Personal name | Debata, Ashutosh |
| 942 ## - ADDED ENTRY ELEMENTS (KOHA) | |
| Koha item type | Books |
| Withdrawn status | Lost status | Damaged status | Not for loan | Collection code | Home library | Current library | Date acquired | Price | Total Checkouts | Call number | Accession number | Date last seen | Price effective from | Koha item type | Source of classification | Shelving location |
|---|---|---|---|---|---|---|---|---|---|---|---|---|---|---|---|---|
| IDEAL INSTITUTE OF NURSING | IDEAL INSTITUTE OF NURSING | 17/12/2023 | 450.00 | 579 PAN | 1395 | 17/12/2023 | 17/12/2023 | Books | ||||||||
| IDEAL INSTITUTE OF NURSING | IDEAL INSTITUTE OF NURSING | 17/12/2023 | 450.00 | 580 PAN | 1396 | 17/12/2023 | 17/12/2023 | Books | ||||||||
| IDEAL INSTITUTE OF NURSING | IDEAL INSTITUTE OF NURSING | 17/12/2023 | 450.00 | 581 PAN | 1397 | 17/12/2023 | 17/12/2023 | Books | ||||||||
| Purches Book | IDEAL INSTITUTE OF NURSING | IDEAL INSTITUTE OF NURSING | 11/03/2025 | 650.00 | 579 PAN | 1923 | 29/04/2025 | 29/04/2025 | Books | Dewey Decimal Classification | General Stacks |
